000 00734nam a2200265Ia 4500
003 OSt
005 20221005092414.0
006 a|||||r|||| 00| 0
007 ta
008 221004b |||||||| |||| 00| 0 eng d
020 _a0415935555
024 _a79870
037 _cTextual
040 _aCRL
_cCRL
_beng
041 _2eng
_aeng
082 _aW:19(X).1, P4
100 _aPassavant Paul A Ed.
_9617253
245 0 _aEmpire's new clothes
_b Reading hardt and negri
260 _aNew York
_bRoutledge USA
_c2004
300 _a344p.
_ccm.
650 _aPOLITICAL SCIENCE
700 _a Dean Jodi
_9407701
942 _hW:19(X).1, P4
_cTEXL
_2cc
999 _c998776
_d998776